| 000 | 00479nam a2200205Ia 4500 | ||
|---|---|---|---|
| 001 | 17430 | ||
| 003 | GE_BSU | ||
| 008 | 181216s||||||||xx |||||||||||||| ||und|| | ||
| 040 | _cGE_BSU | ||
| 080 | _a811.111 | ||
| 100 | _aGalperin,I. | ||
| 245 | _aStylistics. Для студ. иностр. языков | ||
| 260 | _aМосква | ||
| 260 | _c1977 | ||
| 300 | _a335p. | ||
| 541 | _h8ლ. | ||
| 653 | _aStylistics | ||
| 653 | _aსტილისტიკა | ||
| 942 | _cBK | ||
| 999 |
_c50482 _d50482 |
||